|
|
|
|
| LEADER |
00000cas a2200000 a 4500 |
| 001 |
vtls010443773 |
| 003 |
SK-MaSNL |
| 005 |
20260425194033.0 |
| 008 |
120821d19049999xr gr 0 0 0cze c |
| 022 |
|
|
|a 1213-5488
|
| 040 |
|
|
|a SNK
|b slo
|c SNK
|d SVKPO
|e AACR2
|
| 041 |
|
|
|a cze
|
| 044 |
|
|
|a xr
|c CZ
|
| 072 |
|
7 |
|a 502
|x Životné prostredie a jeho ochrana
|2 konspekt
|
| 080 |
|
|
|a 502.17
|2 2011
|
| 080 |
|
|
|a (051)
|2 2011
|
| 080 |
|
|
|a 050
|2 2011
|
| 210 |
0 |
|
|a Krása našeho domova
|
| 222 |
|
0 |
|a Krása našeho domova
|b (Praha)
|
| 245 |
0 |
|
|a Krása našeho domova
|b časopis ochráncu a přátel přírody
|
| 260 |
|
|
|a Praha
|b Svaz čes. spolku okrašl. v král. Českém
|c 1904-
|
| 300 |
|
|
|a zv.
|c 30 cm
|
| 310 |
|
|
|a 2x ročne
|
| 500 |
|
|
|a Pôvodný vydavateľ: Praha, Svaz Okrašľovací a ochranný
|
| 500 |
|
|
|a Vydavateľ: Ústřední výkonná rada ČSOP
|
| 500 |
|
|
|a Obsahuje príväzok: Ochrana zvířat
|
| 500 |
|
|
|a Pôvodný podnázov: měsíčník pro okrašlování, zalesňovaní, pro ochranu domoviny a ruch cizinecký. Nový podnázov: časopis českého svazu ochráncu přírody
|
| 500 |
|
|
|a Prvé číslo vyšlo v r. 1904, vydávanie obnovené po 50 rokoch
|
| 500 |
|
|
|a Prestávka vo vydávaní: 1950-2000
|
| 650 |
0 |
7 |
|a ochrana prírody
|2 SNKPH
|9 3778
|
| 655 |
|
7 |
|a časopisy
|2 SNKPH
|9 76610
|
| 770 |
1 |
8 |
|t Ochrana zvířat
|
| 910 |
|
|
|a snk
|
| 999 |
|
|
|c 2310
|d 4240
|
| 952 |
|
|
|a SNK
|b SNK
|y PREZ
|7 0
|p 17A0231421
|o snkČB 91/13/1920-1921
|0 0
|1 1
|4 0
|d 2000-03-10
|l 0
|r 2005-01-02 00:00:00
|w 2026-02-21
|
| 952 |
|
|
|a SNK
|b SNK
|y PREZ
|7 0
|p 17A0416694
|o snkČB 91/14/1922
|i snk 2861/32
|0 0
|1 1
|4 0
|d 2004-03-02
|l 0
|r 2005-01-02 00:00:00
|w 2026-02-21
|
| 952 |
|
|
|a SNK
|b SNK
|y PREZ
|7 0
|p 17A0423646
|o snkČB 91/1/1904
|i snkK 2871/76
|8 3
|0 0
|1 1
|4 0
|d 2004-03-27
|l 0
|r 2005-01-02 00:00:00
|w 2026-02-21
|
| 952 |
|
|
|t č. 1-10
|a SNK
|b SNK
|y PREZ
|7 0
|p 17A0229918
|o snkČB 91/29/1937
|0 0
|1 1
|4 0
|d 2000-02-25
|l 0
|r 2005-01-02 00:00:00
|w 2026-02-21
|
| 952 |
|
|
|t č. 1-10, neúplné
|a SNK
|b SNK
|y PREZ
|7 0
|p 17A0327740
|o snkČB 91/28/1936
|i snk1983/38
|z Chýba č. 4
|0 0
|1 0
|4 0
|d 2002-01-21
|l 0
|r 2005-01-02 00:00:00
|w 2026-02-21
|
| 952 |
|
|
|t č. 1-10
|a SNK
|b SNK
|y PREZ
|7 0
|p 17A0339338
|o snkČB 91/21/1929
|0 0
|1 1
|4 0
|d 2002-04-22
|l 0
|r 2005-01-02 00:00:00
|w 2026-02-21
|
| 952 |
|
|
|t č. 1-10
|a SNK
|b SNK
|y PREZ
|7 0
|p 17A0530720
|o snkČB 91/25/1933
|i snkČIK 637/56
|8 3
|0 0
|1 1
|4 0
|d 2006-11-25
|l 0
|r 2026-02-21 20:04:41
|w 2026-02-21
|
| 952 |
|
|
|a SNK
|b SNK
|y PREZ
|7 0
|p 17A0462283
|o snkČB 91/41/1950
|i snk456/52
|0 0
|1 1
|4 0
|d 2005-03-31
|l 0
|r 2026-02-21 20:15:04
|w 2026-02-21
|
| 952 |
|
|
|t č. 1-10 + obsah
|a SNK
|b SNK
|y PREZ
|7 0
|p 17A0466305
|o snkČB 91/20/1928
|i snkK 2874/76
|8 3
|0 0
|1 1
|4 0
|d 2005-04-09
|l 0
|r 2026-02-21 21:20:47
|w 2026-02-21
|
| 952 |
|
|
|t č. 1-10
|a SNK
|b SNK
|y PREZ
|7 0
|p 17A0462266
|o snkČB 91/39/1948
|i snk 686/-7/50
|0 0
|1 1
|4 0
|d 2005-03-31
|l 0
|r 2026-02-21 21:20:50
|w 2026-02-21
|